000 00297nam a22001337a 4500
008 170714b xxu||||| |||| 00| 0 eng d
020 _a9780517057957
041 _aeng
080 _a038
100 _a24
101 _aFJA
245 _aSEVEN LANGUAGE DICTIONARY
_cSCHUMAKER,D
942 _2udc
_cBK
999 _c20904
_d20904